| 000 | 00487cam a2200193ua 4500 | ||
|---|---|---|---|
| 001 | 6493 | ||
| 005 | 20260515114047.0 | ||
| 008 | 131216n ii |||gr||||Z||||||asm | ||
| 040 | _cMAIN | ||
| 082 | _a346.07 | ||
| 245 | 1 | 1 |
_aSaral banijyik aain _cBy Kamal Chandra Goswami |
| 250 | _a1st ed. | ||
| 260 |
_aGuwahati: _bBhagawati prakashan, _c1993. |
||
| 300 | _ax,296p. | ||
| 653 | _aCommerce | ||
| 653 | _aSaral banijyik aain | ||
| 700 | 1 |
_aGoswami,Kamal chandra, _eAuthor. |
|
| 942 | _cBK | ||
| 999 |
_c5637 _d5637 |
||